Statistics for Last 15 NHL Stanley Cup winners

Click here to take the quiz!

General Stats

  • This quiz has been taken 42 times
  • The average score is 13 of 15

Answer Stats

QuestionAnswer% Correct
Who wont the 2016 Stanley cup?Penguins
100%
Who won the 2015 Stanley cup?Blackhawks
97%
Who won the 2013 Stanley cup?Blackhawks
97%
Who won the 2019 Stanley cup?Blues
97%
Who won the 2018 Stanley cup?Capitals
97%
Who won the 2012 Stanley cup?Kings
97%
Who won the 2014 Stanley cup?Kings
91%
Who won the 2017 Stanley cup?Penguins
91%
Who won the 2008 Stanley cup?Red wings
91%
Who won the 2011 Stanley cup?Bruins
89%
Who won the 2009 Stanley cup?Penguins
86%
Who won the 2007 Stanley cup?Ducks
83%
Who won the 2010 Stanley cup?Blackhawks
80%
Who won the 2005 Stanley cup?None of the above
74%
Who won the 2006 Stanley cup?Hurricanes
71%

Score Distribution

Percentile by Number Answered

Percent of People with Each Score

Your Score History

You have not taken this quiz